One Piece par la lettre L - Statistiques

Statistiques générales
  • Ce quiz a été pris 303 fois
  • Le résultat moyen est 12 sur 18
Statistiques - réponses
Indice Réponse % Correct
Personnage principal Luffy
100%
Un des 3 types de fruits du démon Logia
93%
Big Mom Linlin
89%
Élément de Kizaru Lumière
89%
Ami de Brook Laboon
88%
Ile finale Laugh Tale
79%
Pirate Tontata Leo
75%
Animal du fruit du démon de Jabura Loup
74%
Ile où résident Broggy et Dorry Little garden
72%
Soeur de Chiffon Laura
71%
Génération terrible Law
71%
Membre de l'équipage de Shanks Lucky roo
68%
Navigateur de l'équipage de Teach Laffitte
64%
Fruit de Mont-D'or Fruit du livre
54%
Espèce d'Ideo Tribu des longs bras
51%
Espèce de Blue Gilly Tribu des longues jambes
51%
Fruit du démon de Tsuru Fruit du lavage
29%
Femme de la tribu Shandia Laki
23%
Aucun quiz correspondant
Distribution des résultats
% des personnes avec chaque résultat
Percentile par nombre de réponses
Votre historique - résultats
Vous n’avez pas pris ce quiz